000 01021nam a2200289 c 4500
003 BLK
005 20240227005322.0
008 180411b bul|||||r ||||||| ||bul||
010 _aKNG00194471000
040 _aBLK
041 _aBUL
_cBUL
080 _aБългарска литература
_b821.163.2
_x-4
_z821.163.2-4
100 1 _aКаранфилов, Ефрем Спиров
_d1915-1998
_gЕсеист и публицист, литературен критик
_976829
139 _aКаранфилов, Ефрем Спиров
_bК 34
245 1 0 _aСпоменни есета
_cЕфрем Спиров Каранфилов.
257 _aBGR
260 Пловдив
_bХристо Г. Данов
_c1983
300 _a207 с.
_c21 см
380 _aX
500 _a5 100 тир.
852 _aЦб 120943
856 4 _qpdf
_u
856 4 _qpdf
_u
942 _cKNG
_n0
944 _aCR
_c25.10.2016
_k
_lCRON CRON
944 _aED
_c25.10.2016
_kКети_Илиева
999 _c185478
_d185478